Loading...
| Arts - Music | 0 | 3 | 0 | 1 | 30 | 86 | 103.33 | 2 | 3 |
| Beliefs - Religion | 0 | 3 | 0 | 1 | 30 | 87 | 105.00 | 1 | 2 |
| Thought - Social Science | 0 | 3 | 0 | 0 | 30 | 72 | 90.67 | 2 | 2 |
| Science - Biology | 1 | 1 | 0 | 1 | 25 | 53 | 93.00 | 1 | 1 |
| Literature - British Lit | 0 | 2 | 0 | 0 | 20 | 97 | 108.00 | 0 | 1 |
| History - Euro History | 0 | 2 | 0 | 1 | 20 | 73 | 97.00 | 1 | 2 |
| History - World History | 0 | 2 | 0 | 0 | 20 | 107 | 112.00 | 0 | 1 |
| History - American History | 1 | 0 | 0 | 0 | 15 | 50 | 50.00 | 0 | 1 |
| Beliefs - Mythology | 0 | 2 | 1 | 0 | 15 | 63 | 88.50 | 1 | 2 |
| Thought - Philosophy | 0 | 1 | 0 | 1 | 10 | 128 | 128.00 | 0 | 0 |
| History - Other History | 0 | 1 | 0 | 1 | 10 | 136 | 136.00 | 0 | 0 |
| Literature - Euro Lit | 0 | 1 | 0 | 0 | 10 | 85 | 85.00 | 0 | 1 |
| Other - Pop Culture | 0 | 1 | 0 | 0 | 10 | 76 | 76.00 | 0 | 1 |
| Science - Chemistry | 0 | 1 | 0 | 0 | 10 | 144 | 144.00 | 0 | 1 |
| Science - Physics | 0 | 1 | 0 | 1 | 10 | 125 | 125.00 | 0 | 1 |
| Arts - Painting | 0 | 1 | 0 | 0 | 10 | 126 | 126.00 | 1 | 1 |
| Science - Other Science | 0 | 1 | 1 | 0 | 5 | 87 | 87.00 | 1 | 1 |
| Other - Other Academic | 0 | 0 | 0 | 0 | 0 | 0.00 | 0 | 0 | |
| Literature - American Lit | 0 | 0 | 1 | 0 | -5 | 0.00 | 0 | 0 | |
| Science - Engineering | 0 | 0 | 1 | 0 | -5 | 0.00 | 0 | 0 | |
| Other - Geo/CE | 0 | 0 | 1 | 0 | -5 | 0.00 | 0 | 0 | |
| Literature - World Lit | 0 | 0 | 1 | 0 | -5 | 0.00 | 0 | 0 |